| 000 | 00629nam a2200217Ia 4500 | ||
|---|---|---|---|
| 005 | 20250508170119.0 | ||
| 008 | 008 250505s9999 xx 000 0 eng d | ||
| 020 | _a978-1-350-11905-5 | ||
| 037 | _aTextBook | ||
| 040 |
_aFEDL _beng _cFEDL |
||
| 041 |
_aeng _2eng |
||
| 084 |
_a001.422, CHA/R _qFEDL |
||
| 100 |
_aChaudhary Babita _9566717 |
||
| 245 | 0 | _aResearch design statistics and report writing | |
| 260 |
_aNew Delhi, India _bNeelkamal _c2022 |
||
| 300 | _axviii, 300p. | ||
| 365 |
_aINR _b1195 |
||
| 700 |
_a Chaudhary Vinita M _9783071 |
||
| 942 |
_cTB _h001.422, CHA/R |
||
| 999 |
_c1399284 _d1399284 |
||